[Event "Bialystok Zamenhof Memorial"]
[Site "Bialystok"]
[Date "2011.12.30"]
[Round "7"]
[White "Murawko, Katarzyna"]
[Black "Chilkiewicz, Marek"]
[Result "1-0"]
[WhiteElo "1813"]
[BlackElo "1824"]
[PlyCount "67"]
[EventDate "2011.12.27"]
[EventType "swiss"]
[EventRounds "9"]
[EventCountry "POL"]
[SourceTitle "CBM 146 Extra"]
[Source "ChessBase"]
[SourceDate "2012.02.29"]
[SourceVersion "1"]
[SourceVersionDate "2012.02.29"]
[SourceQuality "1"]

1. e4 c6 2. d4 d5 3. Nc3 dxe4 4. Nxe4 Bf5 5. Ng3 Bg6 6. h4 h6 7. Nf3 Nd7 8. Bd3 Bxd3 9. Qxd3 Ngf6 10. Bd2 e6 11. 0-0-0 c5 12. Rhe1 Be7 13. Bc3 Qc7 14. d5 Nxd5 15. Bxg7 Qf4+ 16. Kb1 Rg8 17. Qh7 N7f6 18. Qxh6 Qxh6 19. Bxh6 Ng4 20. Bg5 Nxf2 21. Rxd5 exd5 22. Rxe7+ Kf8 23. Nf5 Ng4 24. Ne5 Rxg5 25. hxg5 Nxe5 26. Rxe5 Rd8 27. Kc1 b6 28. Nh6 Rd7 29. Kd2 Kg7 30. Nf5+ Kg6 31. Ne7+ Kh5 32. g6+ Kh6 33. gxf7 Kg7 34. Rf5 1-0

[Event "Bialystok Zamenhof Memorial"]
[Site "Bialystok"]
[Date "2011.12.29"]
[Round "6"]
[White "Chilkiewicz, Marek"]
[Black "Strojek, Kazimierz"]
[Result "1-0"]
[WhiteElo "1824"]
[BlackElo "1781"]
[PlyCount "101"]
[EventDate "2011.12.27"]
[EventType "swiss"]
[EventRounds "9"]
[EventCountry "POL"]
[SourceTitle "CBM 146 Extra"]
[Source "ChessBase"]
[SourceDate "2012.02.29"]
[SourceVersion "1"]
[SourceVersionDate "2012.02.29"]
[SourceQuality "1"]

1. f4 Nf6 2. Nf3 g6 3. d4 Bg7 4. c3 d6 5. Nbd2 Bf5 6. Nh4 Qd7 7. Nxf5 Qxf5 8. Nf3 Nbd7 9. e3 e5 10. Qb3 exf4 11. Qxb7 0-0 12. Qb5 Qg4 13. exf4 Rfe8+ 14. Kd1 Ne4 15. Kc2 c5 16. h3 Qe6 17. d5 Qe7 18. Bd3 a6 19. Qa5 h6 20. Re1 f5 21. g4 Rec8 22. gxf5 gxf5 23. c4 Rcb8 24. Rb1 Ndf6 25. Bd2 Qd7 26. Bc3 Qf7 27. Bxe4 fxe4 28. Nd2 e3 29. Rxe3 Qg6+ 30. Rd3 Rb7 31. Re1 Qf5 32. Qa4 Rbb8 33. Qc6 Re8 34. Bxf6 Rxe1 35. Qxa8+ Kf7 36. Bxg7 Kxg7 37. Qxa6 Re3 38. Qa3 Rxh3 39. Qc3+ Kg6 40. a4 Re3 41. a5 h5 42. a6 h4 43. a7 Re8 44. Nf3 Kh5 45. Qg7 Qxf4 46. Qh7+ Qh6 47. Qxh6+ Kxh6 48. Nxh4 Ra8 49. Nf5+ Kg5 50. Nxd6 Rxa7 51. Ne4+ 1-0

[Event "Bialystok qual-B"]
[Site "Bialystok"]
[Date "2011.05.??"]
[Round "4"]
[White "Chilkiewicz, Marek"]
[Black "Gorbacz, Filip"]
[Result "1/2-1/2"]
[WhiteElo "1824"]
[BlackElo "1668"]
[PlyCount "87"]
[EventDate "2011.05.??"]
[EventType "swiss"]
[EventRounds "9"]
[EventCountry "POL"]
[SourceTitle "EXT 2014"]
[Source "ChessBase"]
[SourceDate "2013.11.20"]
[SourceVersion "1"]
[SourceVersionDate "2013.11.20"]
[SourceQuality "1"]

1. d4 Nf6 2. f4 e6 3. Nf3 c5 4. e3 Nc6 5. Bd3 d5 6. c3 Bd6 7. 0-0 cxd4 8. exd4 0-0 9. Ne5 Qb6 10. Kh1 Ne4 11. Nd2 f5 12. Ndf3 Nxe5 13. Nxe5 Qd8 14. g3 Bd7 15. c4 Rf6 16. c5 Be7 17. Kg2 Rc8 18. b4 Rh6 19. a4 Be8 20. Bd2 Bh5 21. Be2 Bxe2 22. Qxe2 Bf6 23. b5 Qe8 24. Be3 Bxe5 25. fxe5 g5 26. a5 Nc3 27. Qf3 Nxb5 28. Bxg5 Nxd4 29. Qd3 Rg6 30. Qxd4 Rxg5 31. a6 Rg4 32. Qb2 bxa6 33. Rxa6 Rc7 34. Rfa1 Rc4 35. Rxa7 R4xc5 36. Qb6 Qc6 37. Qb8+ Rc8 38. Qd6 d4+ 39. Qxc6 R8xc6 40. Rd7 Rc8 41. Raa7 Rxe5 42. Rg7+ Kh8 43. Rxh7+ Kg8 44. Rag7+ 1/2-1/2

[Event "Bialystok qual-B"]
[Site "Bialystok"]
[Date "2011.05.??"]
[Round "8"]
[White "Chilkiewicz, Marek"]
[Black "Smolarczyk, Tomasz"]
[Result "1-0"]
[WhiteElo "1824"]
[BlackElo "1564"]
[PlyCount "33"]
[EventDate "2011.05.??"]
[EventType "swiss"]
[EventRounds "9"]
[EventCountry "POL"]
[SourceTitle "EXT 2014"]
[Source "ChessBase"]
[SourceDate "2013.11.20"]
[SourceVersion "1"]
[SourceVersionDate "2013.11.20"]
[SourceQuality "1"]

1. d4 Nf6 2. f4 e6 3. Nf3 b6 4. e3 Bb7 5. Bd3 c5 6. c3 d6 7. 0-0 Be7 8. Nbd2 d5 9. Ne5 Nbd7 10. Ndf3 0-0 11. Nxd7 Qxd7 12. Ne5 Qc7 13. Rf3 Rfe8 14. Rh3 h6 15. g4 Ne4 16. g5 hxg5 17. Qh5 1-0

[Event "EU-ch rapid"]
[Site "Warsaw"]
[Date "2010.12.18"]
[Round "1"]
[White "Jones, Gawain C B"]
[Black "Chilkiewicz, Marek"]
[Result "1-0"]
[WhiteElo "2575"]
[BlackElo "1841"]
[PlyCount "67"]
[EventDate "2010.12.18"]
[EventType "swiss (rapid)"]
[EventRounds "13"]
[EventCountry "POL"]
[SourceTitle "CBM 139 Extra"]
[Source "ChessBase"]
[SourceDate "2011.01.05"]
[SourceVersion "1"]
[SourceVersionDate "2011.01.05"]
[SourceQuality "1"]

1. Nf3 Nf6 2. c4 g6 3. g3 Bg7 4. Bg2 0-0 5. 0-0 c5 6. Nc3 Nc6 7. d4 cxd4 8. Nxd4 a6 9. Re1 Nxd4 10. Qxd4 d6 11. Qd3 Rb8 12. h3 Be6 13. Bg5 Qc8 14. Nd5 Bxd5 15. cxd5 h6 16. Be3 Qd7 17. a4 Qf5 18. Qxf5 gxf5 19. a5 Rfc8 20. Ra4 Nd7 21. Rb4 Nc5 22. Rc1 Kh7 23. Bf3 Kg6 24. Rb6 Bf6 25. b4 Nb3 26. Rxc8 Rxc8 27. Rxb7 Rc4 28. h4 Bc3 29. Rxe7 Bxb4 30. Re8 Bxa5 31. Rh8 Bb4 32. Bxh6 a5 33. Bf8 a4 34. Rh6# 1-0

[Event "Bialystok Zamenhof Memorial-B"]
[Site "Bialystok"]
[Date "2010.12.??"]
[Round "3"]
[White "Chilkiewicz, Marek"]
[Black "Kaminski, Maciej"]
[Result "1-0"]
[WhiteElo "1841"]
[BlackElo "1869"]
[PlyCount "83"]
[EventDate "2010.12.27"]
[EventType "swiss"]
[EventRounds "9"]
[EventCountry "POL"]
[SourceTitle "EXT 2014"]
[Source "ChessBase"]
[SourceDate "2013.11.20"]
[SourceVersion "1"]
[SourceVersionDate "2013.11.20"]
[SourceQuality "1"]

1. f4 d5 2. Nf3 Nf6 3. d4 Bf5 4. e3 e6 5. Bd3 Bg6 6. 0-0 Nbd7 7. Ne5 c5 8. c3 c4 9. Bxg6 hxg6 10. b3 Nb6 11. bxc4 dxc4 12. Nxc4 Nxc4 13. Qa4+ Qd7 14. Qxc4 Rc8 15. Qd3 Qc6 16. Bb2 Qb6 17. Ba3 Bxa3 18. Nxa3 Qb2 19. Nc4 Rxc4 20. Qxc4 0-0 21. Qd3 Rc8 22. c4 Qb6 23. c5 Qc6 24. a4 Qe4 25. Qxe4 Nxe4 26. a5 Nd2 27. Rf2 Nc4 28. Re2 Rc6 29. Ra4 b5 30. axb6 axb6 31. Rxc4 bxc5 32. Rxc5 Rd6 33. Rb2 Kh7 34. g4 Ra6 35. Rc7 f6 36. Rbb7 Ra1+ 37. Kg2 Ra2+ 38. Kg3 Kh8 39. Rxg7 Ra3 40. Rge7 Rxe3+ 41. Kf2 Rc3 42. Re8# 1-0

[Event "Bialystok Zamenhof Memorial-B"]
[Site "Bialystok"]
[Date "2010.12.??"]
[Round "5"]
[White "Milewski, Karol"]
[Black "Chilkiewicz, Marek"]
[Result "1/2-1/2"]
[WhiteElo "1698"]
[BlackElo "1841"]
[PlyCount "30"]
[EventDate "2010.12.27"]
[EventType "swiss"]
[EventRounds "9"]
[EventCountry "POL"]
[SourceTitle "EXT 2014"]
[Source "ChessBase"]
[SourceDate "2013.11.20"]
[SourceVersion "1"]
[SourceVersionDate "2013.11.20"]
[SourceQuality "1"]

1. e4 c6 2. d4 d5 3. Nc3 dxe4 4. Nxe4 Bf5 5. Ng3 Bg6 6. Nf3 e6 7. Bd3 Bxd3 8. Qxd3 c5 9. 0-0 Nc6 10. Be3 cxd4 11. Nxd4 Nf6 12. Rad1 Qc7 13. Nb5 Qa5 14. Bd2 Qb6 15. Be3 Qa5 1/2-1/2

[Event "Bialystok op-B"]
[Site "Bialystok"]
[Date "2010.11.??"]
[Round "7"]
[White "Bernacki, Gabriel"]
[Black "Chilkiewicz, Marek"]
[Result "0-1"]
[WhiteElo "1890"]
[BlackElo "1841"]
[PlyCount "106"]
[EventDate "2010.11.??"]
[EventType "swiss"]
[EventRounds "9"]
[EventCountry "POL"]
[SourceTitle "EXT 2014"]
[Source "ChessBase"]
[SourceDate "2013.11.20"]
[SourceVersion "1"]
[SourceVersionDate "2013.11.20"]
[SourceQuality "1"]

1. d4 c5 2. d5 e5 3. e4 d6 4. Bd3 g6 5. c4 Bg7 6. Nc3 Ne7 7. h4 h5 8. Bg5 Nd7 9. Qd2 f6 10. Be3 f5 11. Bg5 Nf6 12. 0-0-0 fxe4 13. Nxe4 Nxe4 14. Bxe4 Bf5 15. Qc2 Qd7 16. Bxe7 Kxe7 17. Ne2 Bh6+ 18. Kb1 Bxe4 19. Qxe4 Qf5 20. Ng3 Qxe4+ 21. Nxe4 Rhf8 22. Kc2 a6 23. a4 Kd7 24. Ra1 Rf4 25. Kd3 Bf8 26. g3 Rf3+ 27. Ke2 Rb3 28. Rhb1 Bh6 29. Ra3 Rxa3 30. bxa3 Kc7 31. Nxd6 Kxd6 32. Rxb7 e4 33. Rb6+ Ke5 34. Rxg6 Bc1 35. a5 Kd4 36. g4 hxg4 37. Rxg4 Kxc4 38. f3 Kxd5 39. fxe4+ Kd4 40. h5 Rh8 41. Kd1 Be3 42. Rh4 Kd3 43. Ke1 Rg8 44. Rh1 Rb8 45. Kf1 Rb1+ 46. Kg2 Rxh1 47. Kxh1 Kxe4 48. Kg2 c4 49. h6 Bxh6 50. Kf2 c3 51. a4 c2 52. Ke2 Be3 53. Kf1 Kf3 0-1

[Event "Bialystok Spring op-B"]
[Site "Bialystok"]
[Date "2010.05.08"]
[Round "7"]
[White "Cylwik, Zbigniew"]
[Black "Chilkiewicz, Marek"]
[Result "1-0"]
[WhiteElo "1979"]
[BlackElo "1835"]
[PlyCount "71"]
[EventDate "2010.05.01"]
[EventType "swiss"]
[EventRounds "9"]
[EventCountry "POL"]
[SourceTitle "EXT 2012"]
[Source "ChessBase"]
[SourceDate "2011.11.24"]
[SourceVersion "1"]
[SourceVersionDate "2011.11.24"]
[SourceQuality "1"]

1. d4 f5 2. Bf4 Nf6 3. e3 e6 4. Nf3 d5 5. Be2 Bd6 6. Bg5 h6 7. Bh4 g5 8. Bg3 0-0 9. Nbd2 Nbd7 10. c4 Ne4 11. Bxd6 Nxd6 12. 0-0 g4 13. Ne1 Qg5 14. c5 Ne4 15. Nd3 c6 16. Nxe4 dxe4 17. Nf4 Nf6 18. Bc4 Nd5 19. Bxd5 exd5 20. b4 a6 21. a4 Bd7 22. Qb3 Kh7 23. b5 Rfb8 24. Rfb1 Qg8 25. bxa6 bxa6 26. Qa2 Qd8 27. h3 a5 28. Qd2 Ra7 29. Rb2 Rab7 30. Rab1 Rxb2 31. Rxb2 Rxb2 32. Qxb2 Qc7 33. Qb6 Qxb6 34. cxb6 Bc8 35. Ne6 Kg8 36. Nc5 1-0

[Event "Bialystok Spring op-B"]
[Site "Bialystok"]
[Date "2010.05.01"]
[Round "1"]
[White "Chilkiewicz, Marek"]
[Black "Ocytko, Michal"]
[Result "1-0"]
[WhiteElo "1835"]
[BlackElo "1410"]
[PlyCount "61"]
[EventDate "2010.05.01"]
[EventType "swiss"]
[EventRounds "9"]
[EventCountry "POL"]
[SourceTitle "EXT 2012"]
[Source "ChessBase"]
[SourceDate "2011.11.24"]
[SourceVersion "1"]
[SourceVersionDate "2011.11.24"]
[SourceQuality "1"]

1. Nf3 Nf6 2. d4 d5 3. e3 g6 4. c4 c6 5. Nc3 Bg4 6. h3 Bxf3 7. Qxf3 Bg7 8. cxd5 Nxd5 9. Bc4 e6 10. h4 Nxc3 11. bxc3 Qf6 12. Qg3 h5 13. Ba3 Bf8 14. Bxf8 Kxf8 15. Qc7 Kg7 16. Qxb7 Nd7 17. Qxd7 Rhd8 18. Qxc6 Rac8 19. Qa4 Rc7 20. g3 Rdc8 21. Ba6 Rd8 22. c4 e5 23. dxe5 Qxe5 24. 0-0 Rd2 25. Rad1 Rb2 26. Rd8 Rb6 27. Qa3 Qc5 28. Qc3+ Rf6 29. Rfd1 Rcc6 30. Bb5 Rcd6 31. R1xd6 1-0

[Event "Bialystok qual"]
[Site "Bialystok"]
[Date "2009.11.07"]
[Round "7"]
[White "Chilkiewicz, Piotr"]
[Black "Chilkiewicz, Marek"]
[Result "0-1"]
[WhiteElo "1622"]
[BlackElo "1838"]
[PlyCount "38"]
[EventDate "2009.11.07"]
[EventType "swiss"]
[EventRounds "9"]
[EventCountry "POL"]
[SourceTitle "EXT 2012"]
[Source "ChessBase"]
[SourceDate "2011.11.24"]
[SourceVersion "1"]
[SourceVersionDate "2011.11.24"]
[SourceQuality "1"]

1. Nf3 Nf6 2. c4 g6 3. Nc3 Bg7 4. e4 d6 5. d4 0-0 6. Bd3 c5 7. dxc5 dxc5 8. 0-0 Nc6 9. Be3 b6 10. Rb1 Bg4 11. Nd5 e6 12. Nxf6+ Qxf6 13. Be2 Rad8 14. Qa4 Ne5 15. Bg5 Nxf3+ 16. gxf3 Qxg5 17. fxg4 Rd2 18. f4 Qh4 19. Rf2 Bd4 0-1

[Event "Bialystok qual"]
[Site "Bialystok"]
[Date "2009.11.07"]
[Round "4"]
[White "Smolarczyk, Tomasz"]
[Black "Chilkiewicz, Marek"]
[Result "1-0"]
[WhiteElo "1609"]
[BlackElo "1838"]
[PlyCount "75"]
[EventDate "2009.11.07"]
[EventType "swiss"]
[EventRounds "9"]
[EventCountry "POL"]
[SourceTitle "EXT 2012"]
[Source "ChessBase"]
[SourceDate "2011.11.24"]
[SourceVersion "1"]
[SourceVersionDate "2011.11.24"]
[SourceQuality "1"]

1. e4 d6 2. d4 e6 3. Nc3 Nf6 4. f3 g6 5. Bd3 Bg7 6. Nge2 0-0 7. Be3 h6 8. Qd2 Kh7 9. 0-0-0 a6 10. g4 Ng8 11. h4 e5 12. Bc4 b5 13. Bb3 Nc6 14. Bd5 Bb7 15. dxe5 dxe5 16. Qe1 Qc8 17. Ng3 Na5 18. Bc5 Rd8 19. Bxf7 Bf8 20. Bxf8 Rxf8 21. Bxg8+ Kxg8 22. Rf1 Nc4 23. b3 Nb6 24. Qe3 Kh7 25. Qc5 Re8 26. g5 h5 27. f4 Nd7 28. Qe3 exf4 29. Rxf4 Ne5 30. Nd5 Bxd5 31. Rxd5 Qe6 32. Qc5 Qe7 33. Rf6 Qxc5 34. Rxc5 Re7 35. Kd2 Rae8 36. Rxa6 Nf3+ 37. Kc3 Nxh4 38. Rcc6 1-0

[Event "POL-ch U20"]
[Site "Bialystok"]
[Date "2009.01.26"]
[Round "8.5"]
[White "Chilkiewicz, Marek"]
[Black "Nasuta, Grzegorz"]
[Result "0-1"]
[WhiteElo "1822"]
[BlackElo "2076"]
[PlyCount "82"]
[EventDate "2009.01.26"]
[EventType "tourn"]
[EventRounds "9"]
[EventCountry "POL"]
[SourceTitle "EXT 2023"]
[Source "ChessBase"]
[SourceDate "2022.10.05"]
[SourceVersion "1"]
[SourceVersionDate "2022.10.05"]
[SourceQuality "1"]

1. f4 d5 2. c4 d4 3. e4 c5 4. d3 Nc6 5. Nf3 g6 6. g3 Bg7 7. Bg2 e5 8. 0-0 Nge7 9. fxe5 0-0 10. Bf4 Bg4 11. Nbd2 Nxe5 12. h3 Bxf3 13. Nxf3 N7c6 14. Qd2 Nxf3+ 15. Bxf3 Ne5 16. Bxe5 Bxe5 17. Kg2 Qd6 18. Qf2 Qc6 19. a3 a5 20. a4 Rad8 21. h4 Rd6 22. Kh3 Rf6 23. Qg2 Kg7 24. Be2 Rxf1 25. Qxf1 f5 26. exf5 Rxf5 27. Qg2 Qc7 28. Rf1 Rxf1 29. Bxf1 Qd7+ 30. g4 Bb8 31. Be2 Qc7 32. Qf2 Qe5 33. b3 b6 34. Qg2 Bc7 35. Qf2 h6 36. Qg2 Qf4 37. Bd1 Qe3+ 38. Qf3 Qg1 39. Qg2 Qxd1 40. Qe4 Qf1+ 41. Qg2 Qxd3+ 0-1

[Event "POL-ch U20"]
[Site "Bialystok"]
[Date "2009.01.26"]
[Round "4.4"]
[White "Matowicki, Damian"]
[Black "Chilkiewicz, Marek"]
[Result "0-1"]
[WhiteElo "100"]
[BlackElo "1822"]
[PlyCount "66"]
[EventDate "2009.01.26"]
[EventType "tourn"]
[EventRounds "9"]
[EventCountry "POL"]
[SourceTitle "EXT 2023"]
[Source "ChessBase"]
[SourceDate "2022.10.05"]
[SourceVersion "1"]
[SourceVersionDate "2022.10.05"]
[SourceQuality "1"]

1. e4 d6 2. d4 Nf6 3. Nc3 g6 4. b3 Bg7 5. Bb2 0-0 6. h3 Nbd7 7. Nf3 c5 8. Bc4 a6 9. 0-0 b5 10. Bd3 Bb7 11. Re1 cxd4 12. Nxd4 Nc5 13. f3 Qb6 14. Kh2 Ng4+ 15. hxg4 Bxd4 16. Nd5 Bxd5 17. Bxd4 Be6 18. b4 Qc7 19. bxc5 dxc5+ 20. e5 cxd4 21. Be4 Rad8 22. f4 f5 23. Bf3 fxg4 24. Bxg4 Bxg4 25. Qxg4 Rf5 26. Kg1 Qxc2 27. Qh3 d3 28. Red1 d2 29. Qe3 Qb2 30. Kh2 Qd4 31. Qb3+ Qc4 32. Qa3 Qxf4+ 33. Kg1 Qf2+ 0-1

[Event "Bialystok U20"]
[Site "Bialystok"]
[Date "2008.01.24"]
[Round "8"]
[White "Nasuta, Grzegorz"]
[Black "Chilkiewicz, Marek"]
[Result "0-1"]
[WhiteElo "1940"]
[BlackElo "1822"]
[PlyCount "114"]
[EventDate "2008.01.21"]
[EventType "swiss"]
[EventRounds "9"]
[EventCountry "POL"]
[SourceTitle "EXT 2010"]
[Source "ChessBase"]
[SourceDate "2010.11.25"]
[SourceVersion "1"]
[SourceVersionDate "2010.11.25"]
[SourceQuality "1"]

1. e4 d6 2. d4 Nf6 3. Nc3 g6 4. f4 Bg7 5. Nf3 0-0 6. e5 dxe5 7. fxe5 Nfd7 8. Bc4 c5 9. Be3 cxd4 10. Bxd4 Nc6 11. 0-0 e6 12. Re1 Nxd4 13. Qxd4 Nxe5 14. Qxd8 Nxf3+ 15. gxf3 Rxd8 16. Rad1 Bd7 17. Rd3 Bc6 18. Kf2 Rxd3 19. cxd3 a6 20. a3 Rd8 21. Ke3 Bd4+ 22. Ke2 Be5 23. h3 Kg7 24. Rf1 Bf4 25. Ne4 Bd5 26. Rd1 b5 27. Bxd5 Rxd5 28. b4 Re5 29. d4 Rd5 30. Nc5 Rd6 31. Ne4 Rc6 32. Nc5 f5 33. Kd3 Rd6 34. Kc3 Kf6 35. Re1 e5 36. dxe5+ Bxe5+ 37. Kb3 Rd2 38. a4 Bd6 39. Nxa6 bxa4+ 40. Kxa4 Rh2 41. Kb5 Rxh3 42. Re3 g5 43. Nc5 g4 44. Re6+ Kg5 45. Rxd6 Rxf3 46. Kc6 g3 47. Rd1 h5 48. b5 Rf2 49. b6 Rb2 50. b7 h4 51. Ne6+ Kg4 52. Nd4 Rxb7 53. Kxb7 h3 54. Nc2 f4 55. Kc6 g2 56. Rg1 Kg3 57. Ne1 f3 0-1

[Event "Bialystok Zamenhof Memorial-A"]
[Site "Bialystok"]
[Date "2007.12.29"]
[Round "5.10"]
[White "Szydlowski, Wiktor"]
[Black "Chilkiewicz, Marek"]
[Result "0-1"]
[WhiteElo "1917"]
[BlackElo "1850"]
[PlyCount "116"]
[EventDate "2007.12.27"]
[EventType "swiss"]
[EventRounds "9"]
[EventCountry "POL"]
[SourceTitle "EXT 2023"]
[Source "ChessBase"]
[SourceDate "2022.10.05"]
[SourceVersion "1"]
[SourceVersionDate "2022.10.05"]
[SourceQuality "1"]

1. e4 d6 2. d4 Nf6 3. Nc3 g6 4. Nf3 Bg7 5. Bd3 Nc6 6. a3 e5 7. dxe5 Nxe5 8. Nxe5 dxe5 9. Bg5 c6 10. 0-0 h6 11. Be3 Ng4 12. Bd2 0-0 13. h3 Nf6 14. Ne2 Nh5 15. Rb1 f5 16. exf5 gxf5 17. Bb4 Rf6 18. Bc4+ Be6 19. Bxe6+ Rxe6 20. Qxd8+ Rxd8 21. Rbd1 Ree8 22. Bc3 Rd5 23. g4 fxg4 24. hxg4 Nf6 25. f3 e4 26. Rxd5 cxd5 27. Kg2 exf3+ 28. Kxf3 Nxg4 29. Bxg7 Nh2+ 30. Kf2 Nxf1 31. Bxh6 Nh2 32. Bf4 Ng4+ 33. Ke1 Ne3 34. Bxe3 Rxe3 35. Kd2 Re5 36. Nc3 Kf8 37. Kd3 Ke7 38. Kd4 Ke6 39. Nb5 Re4+ 40. Kd3 a6 41. Nd4+ Ke5 42. Nf3+ Kd6 43. Nd2 Rg4 44. Nb3 b6 45. Nd4 Rg3+ 46. Kd2 Kc5 47. Ne6+ Kc4 48. b3+ Kb5 49. Nc7+ Kc5 50. Nxa6+ Kd4 51. Nb4 Rg2+ 52. Kc1 Ke4 53. Kb2 d4 54. Nd3 Ke3 55. Nb4 Kd2 56. Nd3 Rg3 57. Ne5 Rc3 58. Nf3+ Rxf3 0-1

[Event "Bialystok Autumn op-A"]
[Site "Bialystok"]
[Date "2007.11.25"]
[Round "9.5"]
[White "Chilkiewicz, Marek"]
[Black "Buzun, Michal"]
[Result "1-0"]
[WhiteElo "1850"]
[BlackElo "1867"]
[PlyCount "101"]
[EventDate "2007.11.10"]
[EventType "swiss"]
[EventRounds "9"]
[EventCountry "POL"]
[SourceTitle "EXT 2023"]
[Source "ChessBase"]
[SourceDate "2022.10.05"]
[SourceVersion "1"]
[SourceVersionDate "2022.10.05"]
[SourceQuality "1"]

1. Nf3 d5 2. c4 Nf6 3. g3 g6 4. Bg2 Bg7 5. 0-0 0-0 6. cxd5 Nxd5 7. Nc3 c6 8. Qc2 Nd7 9. a3 N7b6 10. Rb1 Bf5 11. d3 Nxc3 12. bxc3 Qd7 13. a4 e5 14. e4 Bg4 15. Be3 Nc8 16. Qb2 b6 17. d4 exd4 18. Nxd4 c5 19. Nb3 Nd6 20. Nd2 Rad8 21. a5 Be2 22. Rfe1 Bd3 23. Rbd1 Qc7 24. axb6 axb6 25. Bf4 Rfe8 26. e5 Nc4 27. Nxc4 Bxc4 28. e6 Rxd1 29. Rxd1 Qe7 30. exf7+ Kxf7 31. Qxb6 Kg8 32. Be3 Bxc3 33. Qxc5 Qxc5 34. Bxc5 Re1+ 35. Rxe1 Bxe1 36. Bf1 Bd5 37. Bd3 Bc3 38. Kf1 Kf7 39. Ke2 Kf6 40. Ke3 Kg5 41. Be2 Kf5 42. Bd4 Be1 43. h3 Bg2 44. Bg4+ Kg5 45. Bg7 Bxf2+ 46. Kxf2 Be4 47. Bf3 Bc2 48. g4 h5 49. Kg3 hxg4 50. Bxg4 Bd3 51. h4# 1-0

[Event "Bialystok Autumn op-A"]
[Site "Bialystok"]
[Date "2007.11.11"]
[Round "4.5"]
[White "Chilkiewicz, Marek"]
[Black "Milewski, Karol"]
[Result "1/2-1/2"]
[WhiteElo "1850"]
[BlackElo "856"]
[PlyCount "121"]
[EventDate "2007.11.10"]
[EventType "swiss"]
[EventRounds "9"]
[EventCountry "POL"]
[SourceTitle "EXT 2023"]
[Source "ChessBase"]
[SourceDate "2022.10.05"]
[SourceVersion "1"]
[SourceVersionDate "2022.10.05"]
[SourceQuality "1"]

1. Nf3 c5 2. g3 Nc6 3. Bg2 g6 4. 0-0 Bg7 5. d3 Nf6 6. Nc3 d6 7. h3 Bd7 8. e4 a6 9. Ne2 e5 10. Nh2 Qc8 11. g4 h5 12. g5 Nh7 13. f4 0-0 14. f5 gxf5 15. exf5 Bxf5 16. Ng3 Bxh3 17. Qxh5 Bxg2 18. Kxg2 Qe6 19. Nf5 Qg6 20. Qxg6 fxg6 21. Nxd6 b5 22. Be3 Nd4 23. Bxd4 exd4 24. Ne4 c4 25. Nf3 Rac8 26. Nh4 cxd3 27. cxd3 Rc2+ 28. Kg3 Be5+ 29. Kg4 Kg7 30. Nf3 Rf4+ 31. Kh3 Bb8 32. b3 Re2 33. Rad1 Re3 34. Kg2 Rg4+ 35. Kh1 Rf4 36. Kg2 Rg4+ 37. Kh1 Rf4 38. Nh2 Rh4 39. Rf2 Reh3 40. Rdd2 Re3 41. Kg1 Bf4 42. Rd1 Reh3 43. Nf3 Rg4+ 44. Kf1 Be3 45. Ke2 Nxg5 46. Nfxg5 Bxg5 47. Nxg5 Rxg5 48. Rd2 Re3+ 49. Kd1 Rge5 50. Rf4 Rd5 51. Kc2 g5 52. Rg4 Kg6 53. b4 Rf3 54. Re2 Kf5 55. Reg2 Kg6 56. Re4 Rd6 57. Rgg4 Kh5 58. Rg2 Rf4 59. Re5 Rg6 60. Re4 Rxe4 61. dxe4 1/2-1/2

[Event "Bialystok Autumn op-A"]
[Site "Bialystok"]
[Date "2007.11.10"]
[Round "2.5"]
[White "Lapinski, Krzysztof"]
[Black "Chilkiewicz, Marek"]
[Result "1-0"]
[WhiteElo "2172"]
[BlackElo "1850"]
[PlyCount "45"]
[EventDate "2007.11.10"]
[EventType "swiss"]
[EventRounds "9"]
[EventCountry "POL"]
[SourceTitle "EXT 2023"]
[Source "ChessBase"]
[SourceDate "2022.10.05"]
[SourceVersion "1"]
[SourceVersionDate "2022.10.05"]
[SourceQuality "1"]

1. e4 d6 2. d4 Nf6 3. Nc3 g6 4. f4 Bg7 5. Nf3 0-0 6. Bd3 Nc6 7. 0-0 e5 8. fxe5 dxe5 9. d5 Ne7 10. Bg5 c6 11. Nxe5 Nxe4 12. Nxe4 Bxe5 13. d6 Qb6+ 14. Kh1 Nf5 15. Nf6+ Bxf6 16. Bxf6 Nxd6 17. Be7 Nf5 18. Bxf8 Kxf8 19. Bxf5 Bxf5 20. Qd6+ Kg8 21. Qf6 Re8 22. Rae1 Be6 23. Rxe6 1-0

[Event "POL-ch PL+LU U17"]
[Site "Augustow"]
[Date "2007.10.09"]
[Round "1.1"]
[White "Bucior, Tomasz"]
[Black "Chilkiewicz, Marek"]
[Result "1-0"]
[WhiteElo "1946"]
[BlackElo "1850"]
[PlyCount "109"]
[EventDate "2007.10.08"]
[EventType "tourn"]
[EventRounds "8"]
[EventCountry "POL"]
[SourceTitle "EXT 2023"]
[Source "ChessBase"]
[SourceDate "2022.10.05"]
[SourceVersion "1"]
[SourceVersionDate "2022.10.05"]
[SourceQuality "1"]

1. d4 Nf6 2. c4 e6 3. Nc3 Bb4 4. Qc2 b6 5. Bg5 Bb7 6. e3 d6 7. Qa4+ Nc6 8. d5 Bxc3+ 9. bxc3 h6 10. dxc6 Bc8 11. Bh4 g5 12. Bg3 Ne4 13. Qc2 Qf6 14. Rc1 Nc5 15. Nf3 e5 16. e4 Qg6 17. Bd3 Ne6 18. Nd2 h5 19. h4 f6 20. Nf1 Rg8 21. Ne3 Nf4 22. Bf1 Ne6 23. Nd5 g4 24. Bd3 Kd8 25. 0-0 Nc5 26. Rfe1 Be6 27. Rcd1 Rf8 28. Ne3 Ke7 29. Nf5+ Bxf5 30. exf5 Qf7 31. Qe2 Rg8 32. Be4 Nxe4 33. Qxe4 Rg7 34. Bf4 Rag8 35. g3 Rd8 36. Bc1 Rgg8 37. Rd5 Qh7 38. Re2 Kf8 39. Kf1 Ke7 40. Rc2 Qf7 41. Ke2 Rb8 42. Rb2 Ra8 43. Rd1 Rge8 44. a4 a5 45. Qd3 Rad8 46. Ke3 Rg8 47. Ke4 Qe8 48. Qd5 Qf7 49. Be3 Qxd5+ 50. cxd5 Rb8 51. Rdb1 Rge8 52. c4 Red8 53. c5 dxc5 54. Bxc5+ Kf7 55. Bxb6 1-0